000 00484nam a2200181Ia 4500
005 20250508154611.0
008 008 250505s9999 xx 000 0 eng d
037 _aTextual
040 _aFEDL
_beng
_cFEDL
041 _aeng
_2eng
084 _aF, RAO
_qFEDL
100 _aRao Raja
245 0 _aCat and Shakespeare: A tale of India
260 _aNew York, USA
_bThe Macmillan Company
_c1965
300 _a117p.
942 _cTEXL
_hF, RAO
999 _c1351131
_d1351131